Vainqueurs du Ballon d'Or, Ligue des Champions et Coupe du Monde - Statistiques

Statistiques générales
  • Ce quiz a été pris 788 fois
    188 depuis la dernière actualisation
  • Le résultat moyen est 8 sur 10
Statistiques - réponses
NATIONALITE JOUEUR % Correct
France Zinédine Zidane( BO 1998 ; LDC 2002 ; CDM 1998 )
98%
Argentine Lionel Messi( BO 2009/2010/2011/2012/2015/2019/2021/2023 ; LDC 2006/2009/2011/2015 ; CDM 2022)
95%
Brésil Ronaldinho( BO 2005 ; LDC 2006 ; CDM 2002)
91%
France Ousmane Dembélé( BO 2025 ; LDC 2025/2026 ; CDM 2018)
88%
Allemagne Gerd Müller( BO 1970 ; LDC 1974/1975/1976 ; CDM 1974 )
79%
Allemagne Franz Beckenbauer( BO 1972/1976 ; LDC 1974/1975/1976 ; CDM 1974 )
77%
Brésil Rivaldo( BO 1999 ; LDC 2003 ; CDM 2002 )
75%
Brésil Kaká( BO 2007 ; LDC 2007 ; CDM 2002 )
72%
Angleterre Bobby Charlton( BO 1966 ; LDC 1968 ; CDM 1966 )
69%
Italie Paolo Rossi( BO 1982 ; LDC 1985 ; CDM 1982 )
47%
Aucun quiz correspondant
Distribution des résultats
% des personnes avec chaque résultat
Percentile par nombre de réponses
Votre historique - résultats
Vous n’avez pas pris ce quiz depuis la dernière actualisation